Developmental mathematics: basic mathematics and algebra / (Record no. 6741)
[ view plain ]
| 000 -LEADER | |
|---|---|
| fixed length control field | 00705cam a2200217 a 4500 |
| 020 ## - ISBN | |
| International Standard Book Number | 9780321599209 (student edition) |
| 020 ## - ISBN | |
| International Standard Book Number | 0321599209 (student edition) |
| 020 ## - ISBN | |
| International Standard Book Number | 9780321599650 (instructor edition) |
| 020 ## - ISBN | |
| International Standard Book Number | 0321599659 (instructor edition) |
| 050 00 - LIBRARY OF CONGRESS CALL NUMBER | |
| Classification Number | QA107.2 |
| Item Number | .D48 2009 |
| 245 00 - TITLE | |
| Title | Developmental mathematics: basic mathematics and algebra / |
| Statement of responsibility, etc | Margaret L. Lial ... [et al.]. |
| 250 ## - EDITIONSTATEMENT | |
| Edition statement | 2nd ed. |
| 260 ## - PUBLICATION, DISTRIBUTION, ETC.(IMPRINT) | |
| Place of publication, distribution, etc | Boston : |
| Name of publisher, distributor, etc | Pearson Education, |
| Date of publication, distribution, etc | 2009. |
| 300 ## - PHYSICAL DESCRIPTION | |
| Extent | xvi, 1231 p. : |
| 650 #0 - SUBJECT--TOPIC | |
| Form subdivision | Textbooks. |
| 650 #0 - SUBJECT--TOPIC | |
| Form subdivision | Textbooks. |
| 650 #0 - SUBJECT--TOPIC | |
| Form subdivision | Textbooks. |
| 700 1# - ADDED ENTRY--PERSONAL AUTHOR | |
| Personal Name | Lial, Margaret L. |
| 856 41 - URL/ELECTRONIC LOCATION AND ACCESS | |
| Uniform Resource Identifier | <a href="http://www.loc.gov/catdir/toc/ecip0827/2008038404.html">http://www.loc.gov/catdir/toc/ecip0827/2008038404.html</a> |
| 942 ## - ADDED ENTRY ELEMENTS(KOHA) | |
| Source of classification or shelving scheme | Library of Congress Classification |
| Koha item type | General circulation |
| Source of classification or shelving scheme | Not for loan | Location (home branch) | Sublocation (holding branch) | Shelving location | Date accessioned | Full call number | Barcode | Koha item type | Public note |
|---|---|---|---|---|---|---|---|---|---|
| Library of Congress Classification | Main Campus Library | Main Campus Library | 22/07/2015 | QA107.2 .D48 2009 | 2015/003684 | General circulation | amm | ||
| Library of Congress Classification | Main Campus Library | Main Campus Library | 15/05/2017 | QA107.2 .D48 2009 | 2017/019552 | CD/DVD-ROMs | |||
| Library of Congress Classification | Main Campus Library | Main Campus Library | 07/06/2017 | QA107.2 .D48 2009 | 2017/019551 | CD/DVD-ROMs |